UNISURV report G.

Tallennettuna:
Bibliografiset tiedot
Uusi nimeke:UNISURV G
Edellinen nimeke:UNISURV report
Yhteisötekijä: University of New South Wales. School of Surveying
Aineistotyyppi: Kausijulkaisu
Kieli:English
Julkaistu: Kensington, School of Surveying, University of New South Wales.
LEADER 01089nas a2200301 a 4500
001 c000154747
003 CARM
005 20020205155332.0
008 790626d19uu1974at uu m 0 a0eng d
010 |a sc 81007068 
019 1 |a 2152303  |z 1534214  |z 50976398  |5 LACONCORD2021 
035 |a (OCoLC)5109950  |5 LACONCORD2021 
040 |a LC  |b eng  |c LC  |d ANL-S 
042 |a anuc 
245 0 0 |a UNISURV report G. 
246 3 4 |a UNISURV G 
260 |a Kensington,  |b School of Surveying, University of New South Wales. 
300 |a no.  |b ill.  |c 29 cm. 
362 0 |a -21; 19 -74. 
515 |a Some irregularities in numbering. 
710 2 |a University of New South Wales.  |b School of Surveying. 
780 0 0 |t UNISURV report  |w (DLC)sf 83005042  |w (OCoLC)5360906 
785 0 0 |t UNISURV G  |w (DLC)sc 81007067 
852 8 |b CARM  |h A2:AN10C0  |i D03967  |p 0143797  |f SE 
866 0 |a G21(1974) 
866 0 |a G21(1974) 
999 f f |i 3493b6a5-fe07-502e-8e41-0f6dc2052efa  |s 234c7c34-a5e6-5b0d-b86a-5ddf3d8ed16d 
952 f f |p Can circulate  |a CAVAL  |b CAVAL  |c CAVAL  |d CARM 1 Store  |e D03967  |f A2:AN10C0  |h Other scheme  |i book  |k  G21(1974)  |m 0143797